[Event "SVK-chT2C 2122"]
[Site "Slovakia"]
[Date "2022.05.01"]
[Round "11.4"]
[White "Murin, Pavol"]
[Black "Medvec, Miroslav1111"]
[Result "0-1"]
[WhiteElo "1985"]
[BlackElo "2000"]
[PlyCount "172"]
[EventDate "2021.10.16"]
[EventType "team-tourn"]
[EventRounds "11"]
[EventCountry "SVK"]
[SourceTitle "EXT 2023"]
[Source "ChessBase"]
[SourceDate "2022.10.05"]
[SourceVersion "1"]
[SourceVersionDate "2022.10.05"]
[SourceQuality "1"]
[WhiteTeam "Bziny"]
[BlackTeam "Liptov Chess School III"]
[WhiteTeamCountry "SVK"]
[BlackTeamCountry "SVK"]

1. d4 d5 2. c4 e5 3. dxe5 d4 4. a3 Nc6 5. Nf3 Nge7 6. g3 Ng6 7. Bg2 Be6 8. b3 Qd7 9. 0-0 0-0-0 10. Bb2 Bh3 11. e6 Bxe6 12. Ng5 Bg4 13. Bd5 Re8 14. Bxc6 Qxc6 15. Qxd4 Bxe2 16. Re1 Bc5 17. Qd5 Qxd5 18. cxd5 h6 19. Bxg7 hxg5 20. Bxh8 Nxh8 21. Ra2 Bb5 22. Rxe8+ Bxe8 23. Nc3 Ng6 24. Re2 Kd7 25. Ne4 Be7 26. b4 b6 27. Kg2 f5 28. Nc3 Bf7 29. f3 Bf6 30. Nd1 Bxd5 31. Ne3 Ne7 32. Rd2 c6 33. b5 Kd6 34. bxc6 Kxc6 35. Rc2+ Kd6 36. a4 Bb7 37. Kf2 Bd4 38. Ke2 Bxe3 39. Kxe3 Nd5+ 40. Kf2 Bc6 41. Rc4 a6 42. h4 b5 43. axb5 axb5 44. Rc1 gxh4 45. gxh4 Nf6 46. Ke3 Nh5 47. Rg1 b4 48. Rg5 b3 49. Kd2 Bxf3 50. Kc3 Ke5 51. Kxb3 Nf6 52. Kc2 Ne4 53. Rxf5+ Kxf5 54. h5 Bxh5 55. Kd3 Ke5 56. Ke3 Nc5 57. Kd2 Kd4 58. Kc2 Be2 59. Kb2 Bd3 60. Ka1 Kc3 61. Ka2 Bc2 62. Ka1 Bb3 63. Kb1 Nd3 64. Ka1 Nb4 65. Kb1 Nc2 66. Kc1 Ba2 67. Kd1 Bc4 68. Kc1 Na3 69. Kd1 Nb5 70. Kc1 Ba2 71. Kd1 Nd4 72. Kc1 Ne2+ 73. Kd1 Kd3 74. Ke1 Ke3 75. Kd1 Bb1 76. Ke1 Bc2 77. Kf1 Nf4 78. Ke1 Ng2+ 79. Kf1 Kf3 80. Kg1 Kg3 81. Kf1 Bd1 82. Kg1 Be2 83. Kh1 Nh4 84. Kg1 Nf3+ 85. Kh1 Nd2 86. Kg1 Bf1 0-1

[Event "SVK-chT2C 1920"]
[Site "Slovakia"]
[Date "2020.02.15"]
[Round "8.6"]
[White "Priechodsky, Radovan"]
[Black "Murin, Pavol"]
[Result "1/2-1/2"]
[WhiteElo "1887"]
[BlackElo "1986"]
[PlyCount "88"]
[EventDate "2019.10.26"]
[EventType "team-tourn"]
[EventRounds "11"]
[EventCountry "SVK"]
[SourceTitle "CBM 195 Extra"]
[Source "ChessBase"]
[SourceDate "2020.05.31"]
[SourceVersion "1"]
[SourceVersionDate "2020.05.31"]
[SourceQuality "1"]
[WhiteTeam "Liptov Chess School III"]
[BlackTeam "Bziny"]
[WhiteTeamCountry "SVK"]
[BlackTeamCountry "SVK"]

1. e4 c5 2. Nf3 d6 3. d4 cxd4 4. Nxd4 Nf6 5. Nc3 a6 6. Bg5 e6 7. f4 Qc7 8. Qf3 b5 9. a3 Bb7 10. 0-0-0 Nbd7 11. g4 Rc8 12. Bxf6 gxf6 13. f5 e5 14. Nb3 Nc5 15. Nxc5 Qxc5 16. h4 b4 17. axb4 Qxb4 18. g5 fxg5 19. hxg5 Rxc3 20. Qxc3 Qxc3 21. bxc3 Bxe4 22. Bxa6 Bxh1 23. Rxh1 Rg8 24. Rxh7 Rxg5 25. f6 e4 26. c4 Rg8 27. Bb5+ Kd8 28. Kd2 d5 29. cxd5 Bc5 30. Rxf7 Rg2+ 31. Be2 Rf2 32. c3 Ke8 33. Rc7 Bd6 34. Rh7 Rxf6 35. Ke3 Rf5 36. Bb5+ Kf8 37. Kxe4 Rf4+ 38. Ke3 Rg4 39. Bd7 Rc4 40. Kd3 Rc7 41. Bf5 Rxh7 42. Bxh7 Ke7 43. Kd4 Ba3 44. Ke5 Bd6+ 1/2-1/2

[Event "SVK-chT2C 1920"]
[Site "Slovakia"]
[Date "2019.11.16"]
[Round "3.5"]
[White "Valuska, Jan"]
[Black "Murin, Pavol"]
[Result "0-1"]
[WhiteElo "1934"]
[BlackElo "1986"]
[PlyCount "70"]
[EventDate "2019.10.26"]
[EventType "team-tourn"]
[EventRounds "11"]
[EventCountry "SVK"]
[SourceTitle "CBM 193 Extra"]
[Source "ChessBase"]
[SourceDate "2020.01.31"]
[SourceVersion "1"]
[SourceVersionDate "2020.01.31"]
[SourceQuality "1"]
[WhiteTeam "Zvolen Slavia"]
[BlackTeam "Bziny"]
[WhiteTeamCountry "SVK"]
[BlackTeamCountry "SVK"]

1. e4 d6 2. d4 Nf6 3. Nc3 g6 4. Nf3 Bg7 5. Bg5 c6 6. Qd2 Qa5 7. Bh6 Bxh6 8. Qxh6 Nxe4 9. Qe3 Nxc3 10. bxc3 Bf5 11. Qd2 Nd7 12. Bd3 Nf6 13. 0-0 0-0 14. Qg5 Kg7 15. Nh4 e6 16. Bxf5 exf5 17. Qf4 Rad8 18. c4 Rfe8 19. c5 Nd5 20. Qg3 f4 21. Qg4 dxc5 22. c4 Nc3 23. Qg5 Ne2+ 24. Kh1 Nxd4 25. Qxf4 Re2 26. a4 Rde8 27. g4 R2e4 28. Qg3 Qb4 29. f3 Re2 30. Rab1 Qxc4 31. Rg1 R8e7 32. Nf5+ Nxf5 33. gxf5 Qxa4 34. h4 Qc2 35. Qg4 Rh2# 0-1

[Event "SVK-chT2C 1819"]
[Site "Slovakia"]
[Date "2019.03.02"]
[Round "8.4"]
[White "Gyerpal, Adrian"]
[Black "Murin, Pavol"]
[Result "1/2-1/2"]
[WhiteElo "1978"]
[BlackElo "1977"]
[PlyCount "105"]
[EventDate "2018.10.13"]
[EventType "team-tourn"]
[EventRounds "11"]
[EventCountry "SVK"]
[SourceTitle "CBM 189 Extra"]
[Source "ChessBase"]
[SourceDate "2019.06.03"]
[SourceVersion "1"]
[SourceVersionDate "2019.06.03"]
[SourceQuality "1"]
[WhiteTeam "Zvolen Slavia"]
[BlackTeam "Bziny"]
[WhiteTeamCountry "SVK"]
[BlackTeamCountry "SVK"]

1. d4 Nf6 2. c4 g6 3. Nf3 Bg7 4. g3 0-0 5. Bg2 c6 6. 0-0 d6 7. Nc3 Bg4 8. h3 Bxf3 9. Bxf3 Nbd7 10. e4 Qc7 11. Be3 a6 12. Rc1 Rad8 13. Qd2 c5 14. d5 Ne5 15. Be2 Qc8 16. Kg2 Qb8 17. f4 Ned7 18. g4 b5 19. cxb5 axb5 20. Bf3 b4 21. Ne2 Nb6 22. g5 Nfd7 23. h4 Qa7 24. b3 Ra8 25. Rc2 Qa6 26. Nc1 Bc3 27. Qf2 Rfc8 28. h5 Qb7 29. Rh1 Bg7 30. hxg6 fxg6 31. Bg4 Nf8 32. Bxc8 Rxc8 33. f5 Qd7 34. Qf3 gxf5 35. exf5 Qb7 36. Rd2 Nbd7 37. Nd3 c4 38. bxc4 Rxc4 39. Nf4 Ne5 40. Qh5 Re4 41. Re2 b3 42. axb3 Qxb3 43. Rh3 Qc4 44. Rf2 Nd3 45. Nxd3 Qxd3 46. Rd2 Qc4 47. Qf3 Nd7 48. Qh5 Nf8 49. Kf2 Rg4 50. Rg3 Rh4 51. Qf3 Nd7 52. Rh3 Ne5 53. Qg3 1/2-1/2